Hóa học nâng cao 10

Đã lưu trong:
Bibliografiske detaljer
Hovedforfatter: Lê, Xuân Trọng
Andre forfattere: Từ, Ngọc Ánh
Format: Bog
Sprog:Undetermined
Udgivet: H. Giáo dục 2007
Fag:
Online adgang:http://lrc.tdmu.edu.vn/opac/search/detail.asp?aID=2&ID=5199
Tags: Tilføj Tag
Ingen Tags, Vær først til at tagge denne postø!
Thư viện lưu trữ: Trung tâm Học liệu Trường Đại học Thủ Dầu Một
LEADER 00633nam a2200205Ia 4500
001 TDMU_5199
008 210410s9999 xx 000 0 und d
082 |a 540.71 
090 |b L250 
100 |a Lê, Xuân Trọng 
245 0 |a Hóa học nâng cao 10 
245 0 |c Lê Xuân Trọng 
260 |a H. 
260 |b Giáo dục 
260 |c 2007 
300 |a 224tr 
650 |a Sách lớp 10  |v Giáo khoa; Hóa học  |x Dạy và học 
700 |a Từ, Ngọc Ánh 
856 |u http://lrc.tdmu.edu.vn/opac/search/detail.asp?aID=2&ID=5199 
980 |a Trung tâm Học liệu Trường Đại học Thủ Dầu Một